Odgadnij miasto województwa świętokrzyskiego po obrazku - Statystyki

Ogólne statystyki
  • Ten quiz został rozwiązany 7 razy
  • Średni wynik to 8 z 13
Statystyki odpowiedzi
Obrazkowy Odpowiedź % Poprawnych
Kielce
83%
Sandomierz
83%
Starachowice
83%
Skarżysko-Kamienna
67%
Staszów
67%
Busko-Zdrój
50%
Jędrzejów
50%
Kazimierza Wielka
50%
Końskie
50%
Ostrowiec Świętokrzyski
50%
Pińczów
50%
Włoszczowa
50%
Opatów
33%
Nie znaleziono quizów pasujących do podanych kryteriów
Rozkład punktacji
Procent ludzi z każdym wynikiem
Percentyl według liczby udzielonych odpowiedzi
Twoja historia wyników
Nie rozwiązałeś tego quizu